LIBRARY & INFORMATION CENTRE, KCAET, TAVANUR

ONLINE PUBLIC ACCESS CATALOGUE (OPAC)

Elements of heat engines (Record no. 11338)

MARC details
000 -LEADER
fixed length control field 00248cam a2200121ua 4500
082 ## - DEWEY DECIMAL CLASSIFICATION NUMBER
Classification number 621.4025
Item number PAN/EL
100 ## - MAIN ENTRY--AUTHOR NAME
Personal name Pandya, N C.
245 ## - TITLE STATEMENT
Title Elements of heat engines
250 ## - EDITION STATEMENT
Edition statement 5 /
300 ## - PHYSICAL DESCRIPTION
Number of Pages ; .

No items available.

free website counter